Bocksch, Carl
| Titel: | Bocksch, Carl |
|---|---|
| Verfasser: | |
| In: |
Saur Allgemeines Künstlerlexikon ; 12. Bobrov - Bordac̆ev, (1996), Seite 53 alle Artikel anzeigen |
| Veröffentlicht: | 1996 |
| Format: | Aufsatz |
| Sprache: | Deutsch |
X
alg: 39205562 001A $01999:11-11-16 001B $01999:16-05-21 $t20:19:29.000 001D $01999:11-11-16 001U $0utf8 001X $00 002@ $0Aox 003@ $0392055627 007A $0392055627 $aHEB 007T $0Herd07795 010@ $ager 011@ $a1996 021A $aBocksch, Carl 028A $aStaps $dSven-Wieland 031A $h53 $j1996 039B $aIn $8--Afu--. Saur Allgemeines Künstlerlexikon ; 12. Bobrov - Bordac̆ev. - München : Saur, 1996. - XIV, 680 Seiten. - ISBN 3-598-22752-3 $x199600000000000947 $9045721734 045F $a929.09438 $eDDC23BSB 045F/01 $a929 045F/03 $g438 045F/03 $g4385 lok: 39205562 78 exp: 39205562 78 1 #EPN 201B/01 $016-05-18 $t22:55:19.000 201U/01 $0utf8 203@/01 $0788151576 208@/01 $a11-11-16 $be 209A/01 $a/ $f000 $x00 220C/01 $aTitelaufnehmer: jk 244Z/01 $2Trx $#Silesia $#Śląsk $#Sliezsko $#Slezsko $8--Trx--Schlesien $x01 $9391173987 244Z/01 $2Trx $#Poola $#Lenkija $#Polija $#Polen Land $#Poland $#Lengyelország $#Poľsko $#Polsko $8--Trx--Polska$gkraj $x02 $9391345966 244Z/01 $#Schweidnitz Świdnica $#Miasto Świdnica $#Gmina Miasto Świdnica $74053841-2 $8--Tg1--Świdnica $x03 $9085149489 244Z/01 $aGeschichte 1899 $x04 244Z/01 $2Trx $8--Trx--Bocksch, Carl$Z-1899 $x05 $9390813842 244Z/01 $2Trx $#arhitektid $#architektai $#architects $#épitészek $#architekci $#architekti $#architekti $8--Trx--Architekten $x06 $9391365967 244Z/01 $2Trx $8--Trx--Einzelbeiträge $x07 $9391384570 245Z/01 $a12.03 $x01 247C/01 $82080>Marburg/Lahn, Herder-Institut, Forschungsbibliothek, Bibliographieportal $9336309341
| LEADER | 00000caa a22000002c 4500 | ||
|---|---|---|---|
| 001 | 392055627 | ||
| 003 | DE-603 | ||
| 005 | 20210516201929.0 | ||
| 007 | tu | ||
| 008 | 161111s1996 xx |||| | u00||u|ger c | ||
| 035 | |a (DE-599)HEB392055627 | ||
| 040 | |a DE-603 |b ger |c DE-603 |d DE-603 | ||
| 041 | |a ger | ||
| 082 | 0 | 4 | |8 1\u |a 929.09438 |q DE-101 |2 23/BSB |
| 085 | |8 1\u |b 929 | ||
| 085 | |8 1\u |z 2 |s 438 | ||
| 085 | |8 1\u |z 2 |s 4385 | ||
| 100 | 1 | |a Staps, Sven-Wieland | |
| 245 | 0 | 0 | |a Bocksch, Carl |
| 264 | 0 | |c 1996 | |
| 773 | 0 | 8 | |i In |t Saur Allgemeines Künstlerlexikon ; 12. Bobrov - Bordac̆ev |d München : Saur, 1996 |h XIV, 680 Seiten |z 3598227523 |g (1996), Seite 53 |w (DE-603)045721734 |
| 924 | 0 | |9 2080 |a (DE-603)788151576 |b DE-2080 |c HES |d d |g / | |


